| 000 | 01162nam0a2200337 4500 | ||
|---|---|---|---|
| 001 | RU\NLR\bibl\1198298 | ||
| 005 | 20260405150226.0 | ||
| 010 |
_a978-5-87953-233-X _93000 |
||
| 021 |
_aRU _b2008-1966 _9108 |
||
| 035 | _a(NLR Aleph) 001184815 | ||
| 090 |
_a1680176 _c1680176 |
||
| 100 | _a20080310d2006 |||y0rusy50 ca | ||
| 101 | 0 | _arus | |
| 102 | _aRU | ||
| 105 | _aa ||||||||| | ||
| 200 | 1 |
_aНайди себя _fГ. К. Селевко |
|
| 205 | _a[Изд. 2-е] | ||
| 210 |
_aМосква _cНародное образование _d2006 |
||
| 215 |
_a93, [2] с. _cил. _d22 |
||
| 225 | 1 | _aШкольные технологии | |
| 225 | 1 | _aСамосовершенствование личности | |
| 320 | _aБиблиогр.: с. 91 | ||
| 606 | 1 |
_aПодростки _xСамоопределение _92304189 _3RU\NLR\auth\661379355 |
|
| 686 | _aЮ983.723 | ||
| 686 | _aЮ983.402.2 | ||
| 700 | 1 |
_4070 _7ca _8rus _aСелевко _bГ. К. _f1932- _gГерман Константинович _944504 _3RU\NLR\auth\7761574 |
|
| 801 | 0 |
_aRU _bNLR _c20080310 _gRCR |
|
| 801 | 1 |
_aRU _bNLR _c20080310 |
|
| 942 | _cBOOK | ||
| 980 | _aNB | ||